Konsequenzen der vererbungslehre für die pflanzenzüchtung, (Record no. 9528)

MARC details
000 -LEADER
fixed length control field 00757cam a22002411 4500
001 - CONTROL NUMBER
control field agr32001054
003 - CONTROL NUMBER IDENTIFIER
control field DLC
005 - DATE AND TIME OF LATEST TRANSACTION
control field 20260227110952.0
008 - FIXED-LENGTH DATA ELEMENTS--GENERAL INFORMATION
fixed length control field 811121s1932 xx a 000 0 ger
010 ## - LIBRARY OF CONGRESS CONTROL NUMBER
LC control number agr32001054
035 ## - SYSTEM CONTROL NUMBER
System control number (OCoLC)14730719
040 ## - CATALOGING SOURCE
Original cataloging agency DLC
Transcribing agency DNLM
Modifying agency DLC
042 ## - AUTHENTICATION CODE
Authentication code premarc
050 00 - LIBRARY OF CONGRESS CALL NUMBER
Classification number QH431
Item number .H25 bd. 3 D
060 0# - NATIONAL LIBRARY OF MEDICINE CALL NUMBER
Classification number QH 431
Item number H236 Bd.3, D
100 1# - MAIN ENTRY--PERSONAL NAME
Personal name Baur, Erwin,
Dates associated with a name 1875-1933.
245 10 - TITLE STATEMENT
Title Konsequenzen der vererbungslehre für die pflanzenzüchtung,
Statement of responsibility, etc. von Erwin Baur ...
260 ## - PUBLICATION, DISTRIBUTION, ETC.
Place of publication, distribution, etc. Berlin,
Name of publisher, distributor, etc. Gebrüder Borntraeger,
Date of publication, distribution, etc. 1932.
300 ## - PHYSICAL DESCRIPTION
Extent 1 p. l., 30 p., 1 l.
Other physical details ill.
440 #0 - SERIES STATEMENT/ADDED ENTRY--TITLE
Title Handbuch der vererbungswissenschaft,
Volume/sequential designation Bd. 3, D
500 ## - GENERAL NOTE
General note Issued as lfg. 16 [pt. 1]
504 ## - BIBLIOGRAPHY, ETC. NOTE
Bibliography, etc. note "Literatur": leaf following p. 30.

No items available.

Powered by Koha